000 00646nam a2200241Ia 4500
003 OSt
005 20220928104213.0
006 a|||||r|||| 00| 0
007 ta
008 220927b |||||||| |||| 00| 0 eng d
024 _a86446
037 _cTextual
040 _aSDCL
_cSDCL
_beng
041 _2eng
_aeng
082 _aO-,1K88,6, K8
100 _aHunt John,Dixon Ed.
_9409616
245 0 _aPope
_bThe rape of the lock
260 _aNew York
_b Pallgrave Macmillan
_c1968
300 _a272p
_ccm.
490 _aCasebook series
942 _hO-,1K88,6, K8
_cTEXL
_2CC
999 _c725184
_d725184